| 000 | 03119nam a2200301 a 4500 | ||
|---|---|---|---|
| 001 | 000001839 | ||
| 003 | DO-SdBNP | ||
| 005 | 20250422184411.0 | ||
| 007 | ta | ||
| 008 | 090629s2007 dr c 000 0 spa d | ||
| 020 | _a9789945161328 | ||
| 040 |
_aDO-SdBNP _bspa _cBNPHU _erda |
||
| 082 | 4 |
_a972.93054 _bS471g, 2007 _222 |
|
| 111 | 2 |
_aSeminario sobre la Revolución de 1965 _d( 2002 : _cSanto Domingo) _95991 |
|
| 245 | 1 | 0 |
_aGuerra de abril : _binevitabilidad de la historia. |
| 250 | _a3a. ed. | ||
| 264 | 2 |
_aSanto Domingo : _bComisión Permanente de Efemérides Patrias (CPEP), _c2007. |
|
| 300 |
_a558 p. : _bretratos ; _c23 cm. |
||
| 490 | 1 |
_aPublicaciones de la Comisión Permanente de Efemérides Patrias 2004-2007 ; _v2 |
|
| 500 | _aIncluye índice onomástico | ||
| 505 | 0 |
_aPalabras del Secretario de Estado de las Fuerzas Armadas -- _tPresentación -- _tGráficas de la Guerra de Abril / _rJuan Pérez Terrero -- _tDiscurso de orden / _tJosé Miguel Soto Jiménez -- _tFormación del escudo nacional -- _tLa Guerra de Abril como acontecimiento social, político y económico / _rRoberto Cassá -- _tAprestos organizativos de la gesta / _rHéctor E. Lachapelle Díaz -- _tProceso de la contienda visto por las mujeres y las familias de sus protagonistas / _rArlette Vda. Fernández Domínguez -- _tDel 24 al 28 de abril en el desarrollo de la contienda / _rRafael Yege Arismendy -- _tEl gobierno del Coronel Caamaño : sus ejecutorias y encrucijadas / _rBonaparte Gautreaux Piñeyro -- _tLa OEA y su papel en el conflicto / _rVíctor Grimaldi -- _tVivencias de los preparativos y desarrollo de la Guerra de Abril de 1965 / _rJosé de Jesús Morrillo López -- _tPreámbulos del conflicto de abril de 1965 / _rPedro Gil Iturbides -- _tOrganización, estallido y desarrollo de la contienda / _rNorge Botello -- _tPormenores organizativos de una conspiración / _rMiguel Hernando Ramírez -- _tComienzo y desarrollo de la contienda de abril vista desde San Isidro / _rPedro Bartolomé Benoit -- _tLa izquierda y su papel en la contienda / _rFidelio Despradel _tLa Batalla del Puente / _rRamiro Matos González -- _tCrónica de la Guerra de Abril -- _rEmilio Herasme Peña -- _tGuerras civiles autodestructivas / _rFederico Henríquez Gratereux -- _tProtagonistas fundamentales de la Guerra de Abril de 1965 / _rEuclides Gutiérrez Féliz -- _tAspectos internacionales y negociaciones en la contienda / _rJottin Cury -- _tLa formación de los comandos y su rol en el conflicto / _rManuel Ramón Montes Arache -- _tLa participación de la academia militar Batalla de las Carreras en el conflicto de abril 1965 / _rAndrés R. Fortunato Victoria -- _tLa Academia Militar de las Fuerzas Armadas y la Revolución de abril de 1965 / _rJuan Oscar Cutín Curiel . |
|
| 590 | _aInventariado, 2019 / MFF | ||
| 650 | 4 |
_aRepública dominicana _xHistoria _yRevolución, 1965 _vCongresos, conferencias, etc. _95992 |
|
| 710 | 2 |
_957053 _aComisión Permanente Efemérides Patria (República Dominicana) |
|
| 830 | 0 |
_aPublicaciones de la Comisión Permanente de Efemérides Patrias 2004-2007 _v2 _95994 |
|
| 910 | _aValidado. Control de calidad MMOLINA | ||
| 942 |
_2ddc _cLBS1 |
||
| 999 |
_c1716 _d1716 |
||